000 00897nam a2200265Ia 4500
001 21979
005 20260320113330.0
008 260320s9999||||xx |||||||||||||| ||und||
020 _a9786123178765
041 _aESP
082 _a305.562
_bC83
100 _aCosamalón, Jesús,
_eAUT
245 0 _aEl apocalipsis a la vuelta de la esquina :
_bLima, la crisis y sus supervivientes (1980-2000)
246 _a
_5
_b
250 _aSegunda edición
260 _aLima :
_bPontificia Universidad Católica del Perú, Fondo Editorial,
_c2023
300 _a508 páginas :
_bfiguras ;
_c24 cm.
_e
440 _a
_n
_v
650 _aCIS
653 _aGrupos sociales; Clases sociales - Clase trabajadora; Democracia
654 _aCHU
700 _a
_c
856 _uhttps://0u20jme4p-y-https-www-jstor-org.itmsp.museknowledge.com/
_zVéase además: Base de datos JSTOR
942 _cLIB
_dJUS
_fTRC
_2ddc
_n
999 _c21979
_d21979